000
00325nam a22001337a 4500
999
_c
2881
_d
2881
005
20200925095054.0
008
200925b ||||| |||| 00| 0 eng d
020
_a
0435900870
040
_c
CML
082
_a
CML
245
_a
Climbie.
_c
Dadie, E.B.
260
_a
London
_b
Heinemann
_c
1956
942
_2
ddc
_c
BK
_e
1st Edition
_k
F
_m
DAD